<The> Importance of the European company for accounting harmonisation and the market in the European Union

Na minha lista:
Detalhes bibliográficos
Autor principal: Máziková, Katarína
Outros Autores: Hrapko, Michal
Formato: Capítulo de Livro
Idioma:inglês
Assuntos:
Tags: Adicionar Tag
Sem tags, seja o primeiro a adicionar uma tag!

MARC

LEADER 00000naa$a2200000$$$4500
001 0105731
005 20240502072156.9
041 0 |a eng 
044 |a SK 
245 1 0 |a <The> Importance of the European company for accounting harmonisation and the market in the European Union  |c Katarína Máziková, Michal Hrapko 
610 2 0 |a Európska únia 
610 2 0 |a harmonizácia 
610 2 0 |a trh spoločný 
610 2 0 |a goodwill 
610 2 0 |a štandardy účtovné medzinárodné 
100 1 |a Máziková, Katarína 
700 1 |a Hrapko, Michal